000 00373nam a2200157Ia 4500
005 20250326130135.0
008 250326s9999 xx 000 0 und d
037 _aTextbook
040 _aFMSL
_beng
_cFMSL
041 _aeng
_2eng
084 _qFMSL
245 0 _aCensus of India 1971
260 _aNd
_bNd, Arnold
_c1971
942 _cTB
999 _c1281121
_d1281121